تاريخ الخط العربي و غيره من الخطوط العالمية / (رقم التسجيلة. 93056)

تفاصيل مارك
000 -LEADER
fixed length control field 00657nam a22002057a 4500
005 - DATE AND TIME OF LATEST TRANSACTION
control field 20251108172953.0
008 - FIXED-LENGTH DATA ELEMENTS--GENERAL INFORMATION
fixed length control field 250721s2004 xx 000 0 ara d
082 14 - DEWEY DECIMAL CLASSIFICATION NUMBER
Classification number 411.4/ زال
100 1# - MAIN ENTRY--PERSONAL NAME
Personal name زالي، آن
245 10 - TITLE STATEMENT
Title تاريخ الخط العربي و غيره من الخطوط العالمية /
264 1# - PRODUCTION, PUBLICATION, DISTRIBUTION, MANUFACTURE, AND COPYRIGHT NOTICE
Place of production, publication, distribution, manufacture دمشق :
Name of producer, publisher, distributor, manufacturer الأوائل للنشرو التوزيع،
Date of production, publication, distribution, manufacture, or copyright notice 2004.
300 ## - PHYSICAL DESCRIPTION
Extent 127ص.
650 17 - SUBJECT ADDED ENTRY--TOPICAL TERM
Topical term or geographic name as entry element اللغة العربية
650 17 - SUBJECT ADDED ENTRY--TOPICAL TERM
Topical term or geographic name as entry element الخط العربي
650 17 - SUBJECT ADDED ENTRY--TOPICAL TERM
Topical term or geographic name as entry element الخطوط
700 1# - ADDED ENTRY--PERSONAL NAME
Personal name بيرثييه، آني
700 1# - ADDED ENTRY--PERSONAL NAME
Personal name العيسى، سالم سليمان
Relator term tran.
942 ## - ADDED ENTRY ELEMENTS (KOHA)
Source of classification or shelving scheme Dewey Decimal Classification
Koha item type كتب
المقتنيات
حالة السحب حالة الفقدان مصدر التصنيف حالة التلف غير قابل للإعارة المكتبة الرئيسية المكتبة الحالية موقع الرف تاريخ التزويد الرقم المتسلسل Total Checkouts رقم الإستدعاء الباركود تاريخ آخر ظهور تاريخ الفاتورة نوع المادة (كوها)
    Dewey Decimal Classification   Not For Loan المكتبة المركزية المكتبة المركزية مقتنيات قسم التزويد 28/07/2025 825931   411.4/ زال 825931 28/07/2025 28/07/2025 كتب
    Dewey Decimal Classification   Not For Loan المكتبة المركزية المكتبة المركزية مقتنيات قسم التزويد 28/07/2025 825932   411.4/ زال 825932 28/07/2025 28/07/2025 كتب
    Dewey Decimal Classification     مكتبة أبو علندا العامة مكتبة أبو علندا العامة الإعارة 28/07/2025 825942   411.4/ زال 825942 28/07/2025 28/07/2025 كتب
    Dewey Decimal Classification     مكتبة الأميرة ايمان العامة مكتبة الأميرة ايمان العامة الإعارة 28/07/2025 825934   411.4/ زال 825934 28/07/2025 28/07/2025 كتب
    Dewey Decimal Classification     مكتبة الاميرة بديعة مكتبة الاميرة بديعة الإعارة 28/07/2025 825937   411.4/ زال 825937 28/07/2025 28/07/2025 كتب
    Dewey Decimal Classification     مكتبة الجويدة مكتبة الجويدة الإعارة 28/07/2025 825938   411.4/ زال 825938 28/07/2025 28/07/2025 كتب
    Dewey Decimal Classification     مكتبة الحسن العامة مكتبة الحسن العامة الإعارة 28/07/2025 825939   411.4/ زال 825939 28/07/2025 28/07/2025 كتب
    Dewey Decimal Classification     مكتبة بدر الجديدة للأطفال مكتبة بدر الجديدة للأطفال الأطفال 12/11/2015 1618463   411.4/ زال PLD00364301 28/07/2025 12/11/2015 كتب
    Dewey Decimal Classification     مكتبة صويلح العامة مكتبة صويلح العامة الإعارة 28/07/2025 825935   411.4/ زال 825935 28/07/2025 28/07/2025 كتب
    Dewey Decimal Classification     مكتبة وادي السير العامة مكتبة وادي السير العامة الإعارة 28/07/2025 825943   411.4/ زال 825943 28/07/2025 28/07/2025 كتب
Implemented & Customized by: BBB with SCIT (Smart Chains for Information Technology)

Powered by Koha